<?xml version="1.0" encoding="UTF-8"?>
<record
    xmlns:xsi="http://www.w3.org/2001/XMLSchema-instance"
    xsi:schemaLocation="http://www.loc.gov/MARC21/slim http://www.loc.gov/standards/marcxml/schema/MARC21slim.xsd"
    xmlns="http://www.loc.gov/MARC21/slim">

  <leader>01203nam a22002175i 4500</leader>
  <controlfield tag="001">166375</controlfield>
  <controlfield tag="003">ES-MaACL</controlfield>
  <controlfield tag="005">20230906213323.0</controlfield>
  <controlfield tag="008">000216s1896    sp           |||| | spa d</controlfield>
  <datafield tag="100" ind1="1" ind2=" ">
    <subfield code="a">Tolosa Latour, Manuel,</subfield>
    <subfield code="d">1857-1919</subfield>
    <subfield code="9">110485</subfield>
  </datafield>
  <datafield tag="245" ind1="1" ind2="3">
    <subfield code="a">El Padre Jos&#xE9; </subfield>
    <subfield code="b">: recuerdos de la vida y obras de un fraile franciscano / </subfield>
    <subfield code="c">[Manuel de Tolosa Latour].</subfield>
  </datafield>
  <datafield tag="260" ind1=" " ind2=" ">
    <subfield code="a">Madrid : </subfield>
    <subfield code="b">[s.n.], </subfield>
    <subfield code="c">1896 (</subfield>
    <subfield code="f">Imp. y Lit. del Asilo de Hu&#xE9;rfanos del Sagrado Coraz&#xF3;n de Jes&#xFA;s)</subfield>
  </datafield>
  <datafield tag="300" ind1=" " ind2=" ">
    <subfield code="a">116 p., [1] h. de l&#xE1;m., [3] h. pleg. de l&#xE1;m., [1] h. pleg. de map. , [1] h. pleg. de plan. ; </subfield>
    <subfield code="c">19 cm.</subfield>
  </datafield>
  <datafield tag="530" ind1=" " ind2=" ">
    <subfield code="a">Disponible en formato digital.</subfield>
  </datafield>
  <datafield tag="594" ind1=" " ind2=" ">
    <subfield code="a">Seg&#xFA;n Jos&#xE9; L&#xF3;pez, "Cat&#xE1;logo bibliogr&#xE1;fico de la misi&#xF3;n franciscana de Marruecos", Tanger, 1924 , n. 64, p. 16, el autor es Manuel Tolosa Latour.</subfield>
  </datafield>
  <datafield tag="599" ind1=" " ind2=" ">
    <subfield code="a">Las h. de l&#xE1;m., plan. y map. son litogr., siendo la primera retrato del Padre Jos&#xE9; Lerchundi.</subfield>
  </datafield>
  <datafield tag="600" ind1="0" ind2="4">
    <subfield code="a">Lerchundi, Jos&#xE9;.</subfield>
    <subfield code="9">71754</subfield>
  </datafield>
  <datafield tag="852" ind1=" " ind2=" ">
    <subfield code="a">ES-MaACL</subfield>
    <subfield code="j">T-759-F-6   </subfield>
    <subfield code="z">- Enc. hol., conservando la enc. original</subfield>
    <subfield code="z">- Enc. en un vol. facticio</subfield>
  </datafield>
  <datafield tag="856" ind1=" " ind2=" ">
    <subfield code="u">http://bdh-rd.bne.es/viewer.vm?id=0000236868&amp;page=1 </subfield>
    <subfield code="z">Biblioteca Digital Hisp&#xE1;nica</subfield>
  </datafield>
  <datafield tag="999" ind1=" " ind2=" ">
    <subfield code="c">166375</subfield>
    <subfield code="d">166375</subfield>
  </datafield>
  <datafield tag="952" ind1=" " ind2=" ">
    <subfield code="0">0</subfield>
    <subfield code="1">0</subfield>
    <subfield code="4">0</subfield>
    <subfield code="7">0</subfield>
    <subfield code="8">Colecci&#xF3;n_de_folletos</subfield>
    <subfield code="a">ATENEOM</subfield>
    <subfield code="b">ATENEOM</subfield>
    <subfield code="c">DEPOF</subfield>
    <subfield code="d">2008-01-17</subfield>
    <subfield code="l">0</subfield>
    <subfield code="o">T-759-F-6</subfield>
    <subfield code="p">1174490</subfield>
    <subfield code="r">2023-02-23 00:00:00</subfield>
    <subfield code="w">2023-02-23</subfield>
    <subfield code="y">FOLLETOS</subfield>
  </datafield>
</record>
